Top 10 Most Buddhistic Countries - Statistics

General Stats
  • This quiz has been taken 189 times
  • The average score is 9 of 10
Answer Stats
% Answer % Correct
93.2 Thailand
95%
66.1 Laos
92%
87.9 Myanmar
92%
36.2 Japan
91%
74.7 Bhutan
88%
96.9 Cambodia
88%
22.9 South Korea
84%
33.9 Singapore
77%
69.3 Sri Lanka
76%
55.1 Mongolia
69%
No matching quizzes found
Score Distribution
Percent of People with Each Score
Percentile by Number Answered
Your Score History
You have not taken this quiz